[Event "FRA-chT2 0910"]
[Site "France"]
[Date "2009.10.17"]
[Round "2.3"]
[White "Flament, Francois"]
[Black "Houriez, Clement"]
[Result "1/2-1/2"]
[WhiteElo "2206"]
[BlackElo "2304"]
[PlyCount "74"]
[EventDate "2009.09.27"]
[EventType "team-tourn"]
[EventRounds "11"]
[EventCountry "FRA"]
[SourceTitle "EXT 2011"]
[Source "ChessBase"]
[SourceDate "2010.11.26"]
[SourceVersion "1"]
[SourceVersionDate "2010.11.26"]
[SourceQuality "1"]

1. d4 Nf6 2. Nf3 e6 3. c4 b6 4. g3 Bb7 5. Bg2 Be7 6. 0-0 0-0 7. Nc3 Ne4 8. Qc2 Nxc3 9. Qxc3 c5 10. dxc5 bxc5 11. Bf4 d6 12. Rfd1 Qb6 13. Ng5 Bxg2 14. Kxg2 Bxg5 15. Bxg5 f6 16. Be3 Rd8 17. Rab1 a5 18. h4 Nc6 19. h5 Qb4 20. h6 Ne5 21. Rdc1 Qxc3 22. Rxc3 g6 23. a3 Rab8 24. b3 Kf7 25. Bd2 Rb7 26. Rc2 Nc6 27. Bc3 Rdb8 28. Rcb2 e5 29. g4 g5 30. e3 e4 31. f3 exf3+ 32. Kxf3 Ke6 33. Ke4 Ne5 34. Bxe5 dxe5 35. Kf3 Rb6 36. Ke4 R6b7 37. Kf3 Rf7 1/2-1/2

[Event "FRA-chT2 Nord 0708"]
[Site "France"]
[Date "2008.02.10"]
[Round "7.2"]
[White "Flament, Francois"]
[Black "Goasdoue, Vincent M"]
[Result "0-1"]
[WhiteElo "2215"]
[BlackElo "2141"]
[PlyCount "76"]
[EventDate "2007.10.21"]
[EventType "team-tourn"]
[EventRounds "11"]
[EventCountry "FRA"]
[SourceTitle "EXT 2009"]
[Source "ChessBase"]
[SourceDate "2008.11.26"]
[SourceVersion "1"]
[SourceVersionDate "2008.11.26"]
[SourceQuality "1"]
[WhiteTeam "Le Touquet"]
[BlackTeam "Arras"]
[WhiteTeamCountry "FRA"]
[BlackTeamCountry "FRA"]

1. d4 g6 2. Nf3 Bg7 3. c4 Nf6 4. Nc3 d6 5. Bg5 h6 6. Bh4 Bg4 7. e3 c6 8. Be2 g5 9. Bg3 Qb6 10. Qc2 Na6 11. 0-0 Nh5 12. a3 Nxg3 13. hxg3 Bh5 14. b4 Bg6 15. Bd3 Bxd3 16. Qxd3 Qc7 17. Rab1 Nb8 18. e4 Nd7 19. Nd1 a5 20. Ne3 axb4 21. axb4 e6 22. d5 Ne5 23. Nxe5 Bxe5 24. f4 gxf4 25. gxf4 Bg7 26. f5 Be5 27. fxe6 fxe6 28. dxe6 Qg7 29. Nf5 Qc7 30. Qf3 0-0-0 31. b5 Qb6+ 32. Kh1 Rde8 33. bxc6 Qxc6 34. e7 h5 35. Rb5 h4 36. Rfb1 h3 37. gxh3 Reg8 38. Rxb7 Rxh3+ 0-1

[Event "FRA-ch U20"]
[Site "Calvi"]
[Date "2005.04.23"]
[Round "8"]
[White "Flament, Francois"]
[Black "Besson, Bastien"]
[Result "0-1"]
[WhiteElo "2159"]
[BlackElo "2238"]
[PlyCount "62"]
[EventDate "2005.04.??"]
[EventType "swiss"]
[EventRounds "9"]
[EventCountry "FRA"]
[SourceTitle "EXT 2006"]
[Source "ChessBase"]
[SourceDate "2005.11.24"]
[SourceVersion "1"]
[SourceVersionDate "2005.11.24"]
[SourceQuality "1"]

1. d4 g6 2. Nf3 Bg7 3. c4 d6 4. Nc3 c6 5. e4 Nd7 6. Be2 e5 7. d5 c5 8. 0-0 Ne7 9. Ne1 0-0 10. Be3 f5 11. f3 f4 12. Bf2 g5 13. Nd3 b6 14. b4 Rf6 15. a4 h5 16. a5 Rb8 17. axb6 axb6 18. Ra7 Rg6 19. Qa4 Bb7 20. bxc5 dxc5 21. Qa2 Nc8 22. Ra3 g4 23. Be1 Nd6 24. Qb3 g3 25. h3 Nf7 26. Bd2 Qh4 27. Rb1 Ng5 28. Bf1 Bc8 29. Qd1 Nf8 30. Ne1 Bxh3 31. gxh3 g2 0-1

[Event "FRA-ch U20"]
[Site "Calvi"]
[Date "2005.04.18"]
[Round "2"]
[White "Gregoire, Sylvain"]
[Black "Flament, Francois"]
[Result "0-1"]
[WhiteElo "2280"]
[BlackElo "2159"]
[PlyCount "86"]
[EventDate "2005.04.??"]
[EventType "swiss"]
[EventRounds "9"]
[EventCountry "FRA"]
[SourceTitle "EXT 2006"]
[Source "ChessBase"]
[SourceDate "2005.11.24"]
[SourceVersion "1"]
[SourceVersionDate "2005.11.24"]
[SourceQuality "1"]

1. d4 Nf6 2. c4 e6 3. Nf3 b6 4. e3 Bb7 5. Bd3 c5 6. 0-0 cxd4 7. exd4 Be7 8. Nc3 d5 9. cxd5 Nxd5 10. Bb5+ Bc6 11. Qa4 Qd7 12. Nxd5 Qxd5 13. Bxc6+ Nxc6 14. Be3 0-0 15. Rfc1 Rfc8 16. Rc3 b5 17. Qc2 Bb4 18. Ng5 f5 19. Rc5 Bxc5 20. dxc5 Rd8 21. h4 Rac8 22. Qe2 h6 23. Nh3 e5 24. f4 Qd3 25. Qf2 e4 26. Kh2 Nb4 27. Rc1 Nd5 28. Re1 Nxe3 29. Rxe3 Qd4 30. Qg3 Rxc5 31. Ra3 Rc6 32. Qb3+ Qc4 33. Qe3 Qc5 34. Qb3+ Kh7 35. Qf7 Rf8 36. Qh5 Kg8 37. Ng1 Qd6 38. Ne2 Qg6 39. Qxg6 Rxg6 40. Rxa7 Rd8 41. b4 Rd2 42. Ng3 Re6 43. Nxf5 e3 0-1

[Event "FRA-chT2 0405"]
[Site "France"]
[Date "2004.12.05"]
[Round "4.5"]
[White "Medghoul, Sherif"]
[Black "Flament, Francois"]
[Result "1-0"]
[WhiteElo "2177"]
[BlackElo "2159"]
[PlyCount "49"]
[EventDate "2004.10.10"]
[EventType "team-tourn"]
[EventRounds "11"]
[EventCountry "FRA"]
[SourceTitle "EXT 2006"]
[Source "ChessBase"]
[SourceDate "2005.11.24"]
[SourceVersion "1"]
[SourceVersionDate "2005.11.24"]
[SourceQuality "1"]
[WhiteTeam "Maromme"]
[BlackTeam "Le Touquet"]
[WhiteTeamCountry "FRA"]
[BlackTeamCountry "FRA"]

1. d4 Nf6 2. c4 e6 3. Nc3 Bb4 4. e3 b6 5. Bd3 Bb7 6. Nge2 Bxg2 7. Rg1 Be4 8. a3 Bxd3 9. Qxd3 Bf8 10. e4 d6 11. Bg5 h6 12. Qh3 Nbd7 13. f4 e5 14. 0-0-0 Qc8 15. Bxf6 Nxf6 16. Qg3 Nh5 17. Qf3 Nxf4 18. Nxf4 exf4 19. Qxf4 Qa6 20. Nb5 0-0-0 21. Qxf7 Qb7 22. d5 Kb8 23. Nd4 Rc8 24. Nc6+ Ka8 25. Rg6 1-0

[Event "FRA-ch Accession"]
[Site "Aix les Bains"]
[Date "2003.08.23"]
[Round "5"]
[White "Bouchet, Sebastien"]
[Black "Flament, Francois"]
[Result "0-1"]
[WhiteElo "2219"]
[BlackElo "2125"]
[PlyCount "58"]
[EventDate "2003.08.19"]
[EventType "swiss"]
[EventRounds "11"]
[EventCountry "FRA"]
[SourceTitle "EXT 2004"]
[Source "ChessBase"]
[SourceDate "2003.11.25"]
[SourceVersion "1"]
[SourceVersionDate "2003.11.25"]
[SourceQuality "1"]

1. e4 c5 2. Nf3 Nc6 3. d4 cxd4 4. Nxd4 Nf6 5. Nc3 e5 6. Ndb5 d6 7. Nd5 Nxd5 8. exd5 Nb8 9. c4 a6 10. Nc3 Be7 11. Bd3 0-0 12. 0-0 f5 13. f3 Bg5 14. Kh1 Nd7 15. b4 Bxc1 16. Rxc1 Qh4 17. Qb3 Rf6 18. g3 Qh3 19. Qc2 Nf8 20. c5 Rh6 21. Qg2 f4 22. g4 Bxg4 23. Qxh3 Bxh3 24. Rfe1 a5 25. Nb5 axb4 26. Bb1 dxc5 27. Rxc5 Nd7 28. Rc4 Nb6 29. Nc7 Nxc4 0-1

[Event "FRA-ch Accession"]
[Site "Aix les Bains"]
[Date "2003.08.19"]
[Round "7"]
[White "Pietrasanta, Jeremy"]
[Black "Flament, Francois"]
[Result "1/2-1/2"]
[WhiteElo "2214"]
[BlackElo "2085"]
[PlyCount "38"]
[EventDate "2003.08.19"]
[EventType "swiss"]
[EventRounds "11"]
[EventCountry "FRA"]
[SourceTitle "EXT 2004"]
[Source "ChessBase"]
[SourceDate "2003.11.25"]
[SourceVersion "1"]
[SourceVersionDate "2003.11.25"]
[SourceQuality "1"]

1. c4 e5 2. Nc3 Nf6 3. g3 Bb4 4. Bg2 Bxc3 5. dxc3 0-0 6. e4 d6 7. Ne2 Be6 8. Qd3 Nbd7 9. b3 a6 10. f3 b5 11. cxb5 Nc5 12. Qb1 axb5 13. g4 Ra6 14. Be3 Nfd7 15. 0-0 Qe7 16. Ng3 Rfa8 17. Nf5 Qd8 18. Qb2 Nd3 19. Qb1 N3c5 1/2-1/2

[Event "FRA-ch Accession"]
[Site "Aix les Bains"]
[Date "2003.08.19"]
[Round "5"]
[White "Piot, Olivier"]
[Black "Flament, Francois"]
[Result "1-0"]
[WhiteElo "2230"]
[BlackElo "2125"]
[PlyCount "56"]
[EventDate "2003.08.19"]
[EventType "swiss"]
[EventRounds "11"]
[EventCountry "FRA"]
[SourceTitle "EXT 2004"]
[Source "ChessBase"]
[SourceDate "2003.11.25"]
[SourceVersion "1"]
[SourceVersionDate "2003.11.25"]
[SourceQuality "1"]

1. d4 Nf6 2. c4 e6 3. Nc3 Bb4 4. e3 b6 5. Nge2 Ne4 6. Qc2 Bb7 7. a3 Bxc3+ 8. Nxc3 f5 9. b3 Qe7 10. Bb2 d6 11. Rd1 Nd7 12. d5 Nxc3 13. Qxc3 e5 14. Be2 0-0 15. 0-0 a5 16. f4 c6 17. Bf3 Rac8 18. dxc6 Bxc6 19. Bxc6 Rxc6 20. Qd3 Qf7 21. fxe5 Nxe5 22. Bxe5 dxe5 23. a4 Rf6 24. Qd5 Qxd5 25. Rxd5 Re8 26. Kf2 Kf7 27. Rfd1 Rc6 28. Rd7+ Re7 1-0

[Event "FRA-chT2S 0203"]
[Site "France"]
[Date "2003.03.15"]
[Round "8.8"]
[White "Flament, Francois"]
[Black "Couche, Didier"]
[Result "0-1"]
[WhiteElo "2131"]
[BlackElo "2131"]
[PlyCount "110"]
[EventDate "2002.10.??"]
[EventType "team-tourn"]
[EventRounds "11"]
[EventCountry "FRA"]
[SourceTitle "EXT 2004"]
[Source "ChessBase"]
[SourceDate "2003.11.25"]
[SourceVersion "1"]
[SourceVersionDate "2003.11.25"]
[SourceQuality "1"]
[WhiteTeam "Le Touquet"]
[BlackTeam "Cappelle la Grande"]
[WhiteTeamCountry "FRA"]
[BlackTeamCountry "FRA"]

1. d4 d5 2. c4 c6 3. Nf3 e6 4. Nc3 dxc4 5. a4 Bb4 6. e3 b5 7. Bd2 a5 8. axb5 Bxc3 9. Bxc3 cxb5 10. b3 Bb7 11. bxc4 b4 12. Bb2 Nf6 13. Bd3 0-0 14. 0-0 Nbd7 15. Re1 Ne4 16. Qc2 f5 17. c5 Bc6 18. Bc4 Qe7 19. Bb3 g5 20. Red1 g4 21. Ne1 Ndf6 22. Ba4 Bxa4 23. Rxa4 Nd5 24. Rda1 Qc7 25. Rc1 Rf6 26. Nd3 Rh6 27. Ne5 Nec3 28. Raa1 Qd8 29. Bxc3 Nxc3 30. f3 gxf3 31. Nxf3 Rg6 32. Kh1 Qd5 33. Qf2 Ne4 34. Qh4 b3 35. Rg1 a4 36. Ne5 Rg7 37. Nd3 Nc3 38. Nf4 Qe4 39. Qe1 Nd5 40. Nxd5 Qxd5 41. Qb4 Qc6 42. Qc3 Rb8 43. Qb2 Rb4 44. Qc3 b2 45. Rab1 Rb3 46. Qc4 Rgb7 47. d5 exd5 48. Qf4 a3 49. Qxf5 Rf7 50. Qg5+ Kh8 51. Rgf1 Rbb7 52. Rxf7 Rxf7 53. Qd8+ Kg7 54. Qg5+ Qg6 55. Qe5+ Qf6 0-1

[Event "FRA-ch U18"]
[Site "Le Grand Bornand"]
[Date "2003.??.??"]
[Round "6.8"]
[White "Flament, Francois"]
[Black "Ouakhir, Pierre Mehdi"]
[Result "1-0"]
[WhiteElo "2131"]
[BlackElo "2156"]
[PlyCount "69"]
[EventDate "2003.??.??"]
[EventType "swiss"]
[EventRounds "9"]
[EventCountry "FRA"]
[SourceTitle "EXT 2004"]
[Source "ChessBase"]
[SourceDate "2003.11.25"]
[SourceVersion "1"]
[SourceVersionDate "2003.11.25"]
[SourceQuality "1"]

1. d4 d5 2. c4 e6 3. Nc3 c6 4. Nf3 Nf6 5. Bg5 dxc4 6. e4 b5 7. e5 h6 8. Bh4 g5 9. Nxg5 hxg5 10. Bxg5 Nbd7 11. exf6 Bb7 12. g3 Qb6 13. Bg2 0-0-0 14. 0-0 c5 15. d5 b4 16. Na4 Qb5 17. a3 exd5 18. axb4 cxb4 19. Be3 Nc5 20. Qg4+ Kc7 21. Bf4+ Kc6 22. Nxc5 Bxc5 23. Rfe1 Kb6 24. b3 Rhe8 25. Be5 c3 26. Qf4 Qd7 27. Bd4 Rxe1+ 28. Rxe1 Qd6 29. Be5 Qd7 30. Bd4 Re8 31. Rxe8 Qxe8 32. Qd6+ Qc6 33. Bxc5+ Ka5 34. Bxb4+ Kb6 35. Qd8+ 1-0

[Event "FRA-ch U18"]
[Site "Le Grand Bornand"]
[Date "2003.??.??"]
[Round "7.6"]
[White "Perez, Flavio"]
[Black "Flament, Francois"]
[Result "1/2-1/2"]
[WhiteElo "2150"]
[BlackElo "2131"]
[PlyCount "53"]
[EventDate "2003.??.??"]
[EventType "swiss"]
[EventRounds "9"]
[EventCountry "FRA"]
[SourceTitle "EXT 2004"]
[Source "ChessBase"]
[SourceDate "2003.11.25"]
[SourceVersion "1"]
[SourceVersionDate "2003.11.25"]
[SourceQuality "1"]

1. e4 c5 2. Nc3 Nc6 3. g3 g6 4. Bg2 Bg7 5. d3 d6 6. Be3 e6 7. Qd2 Qa5 8. Nge2 Nd4 9. Nc1 Ne7 10. 0-0 Nec6 11. Nb3 Qc7 12. Nd1 e5 13. Nc1 0-0 14. c3 Ne6 15. f4 exf4 16. gxf4 f5 17. Ne2 Ne7 18. Nf2 Bd7 19. d4 fxe4 20. d5 Nd8 21. Nxe4 Nf5 22. N2g3 Nf7 23. Rae1 Rae8 24. Bf2 Qd8 25. Ng5 Nxg5 26. fxg5 Nxg3 27. Bxg3 1/2-1/2

[Event "Bethune-A"]
[Site "Bethune"]
[Date "2002.07.13"]
[Round "9.4"]
[White "Defrance, Laurent"]
[Black "Flament, Francois"]
[Result "1/2-1/2"]
[WhiteElo "2137"]
[BlackElo "2131"]
[PlyCount "59"]
[EventDate "2002.07.06"]
[EventType "tourn"]
[EventRounds "9"]
[EventCountry "FRA"]
[SourceTitle "EXT 2005"]
[Source "ChessBase"]
[SourceDate "2004.11.15"]
[SourceVersion "1"]
[SourceVersionDate "2004.11.15"]
[SourceQuality "1"]

1. Nf3 Nf6 2. c4 e6 3. g3 d5 4. Bg2 Be7 5. 0-0 0-0 6. b3 d4 7. Bb2 Nc6 8. d3 e5 9. Na3 Re8 10. Nc2 a5 11. a3 Bf5 12. Qd2 Qd7 13. b4 Bf8 14. b5 Nd8 15. Rfb1 Bc5 16. a4 Qd6 17. Ba3 Nd7 18. Nh4 Bg4 19. h3 Bh5 20. g4 Bg6 21. Nxg6 hxg6 22. Bb2 Qf6 23. e3 Ra7 24. exd4 exd4 25. Re1 Rxe1+ 26. Rxe1 Ne6 27. Re4 g5 28. h4 gxh4 29. f4 Ra8 30. g5 1/2-1/2

[Event "Bethune-A"]
[Site "Bethune"]
[Date "2002.07.10"]
[Round "5.2"]
[White "Bessat, Remy"]
[Black "Flament, Francois"]
[Result "1/2-1/2"]
[WhiteElo "2017"]
[BlackElo "2131"]
[PlyCount "38"]
[EventDate "2002.07.06"]
[EventType "tourn"]
[EventRounds "9"]
[EventCountry "FRA"]
[SourceTitle "EXT 2005"]
[Source "ChessBase"]
[SourceDate "2004.11.15"]
[SourceVersion "1"]
[SourceVersionDate "2004.11.15"]
[SourceQuality "1"]

1. d4 Nf6 2. c4 e6 3. Nf3 Bb4+ 4. Bd2 Bxd2+ 5. Nbxd2 d5 6. Qc2 Nbd7 7. e3 0-0 8. Bd3 b6 9. cxd5 exd5 10. b4 Bb7 11. 0-0 Rc8 12. Rab1 Qe7 13. Rfc1 c6 14. Ng5 h6 15. Nh7 Rfe8 16. Nxf6+ Nxf6 17. Bf5 Rc7 18. Nf3 Qd6 19. Qb2 Bc8 1/2-1/2

[Event "Bethune-A"]
[Site "Bethune"]
[Date "2002.07.08"]
[Round "3.1"]
[White "Flament, Francois"]
[Black "Therkildsen, Thomas"]
[Result "1-0"]
[WhiteElo "2131"]
[BlackElo "2124"]
[PlyCount "113"]
[EventDate "2002.07.06"]
[EventType "tourn"]
[EventRounds "9"]
[EventCountry "FRA"]
[SourceTitle "EXT 2005"]
[Source "ChessBase"]
[SourceDate "2004.11.15"]
[SourceVersion "1"]
[SourceVersionDate "2004.11.15"]
[SourceQuality "1"]

1. d4 Nf6 2. Nf3 e6 3. c4 b6 4. a3 Ba6 5. Qc2 c5 6. dxc5 bxc5 7. e4 d6 8. Be2 Nc6 9. 0-0 Qb6 10. Bg5 Be7 11. Nbd2 0-0 12. Rfd1 h6 13. Bf4 e5 14. Be3 Bc8 15. Ne1 a5 16. b3 Ng4 17. Bxg4 Bxg4 18. f3 Be6 19. Nd3 Bg5 20. Bf2 Rab8 21. Rab1 f5 22. b4 axb4 23. axb4 Nd4 24. Bxd4 cxd4 25. c5 Be3+ 26. Kh1 Rfc8 27. exf5 Bd5 28. Nc4 Qc6 29. b5 Qd7 30. c6 Qe7 31. Nb4 Bf7 32. Nxe3 dxe3 33. Nd5 Qh4 34. Nxe3 Rb6 35. g3 Qg5 36. Nc4 Rbxc6 37. bxc6 Rxc6 38. f6 g6 39. Rb8+ Kh7 40. Rb7 Qxf6 41. Nxe5 Rxc2 42. Rxf7+ Qxf7 43. Nxf7 Rf2 44. f4 Kg7 45. Nxd6 Ra2 46. Ne4 Kf7 47. Rd2 Ra4 48. Re2 Ra5 49. Kg2 g5 50. Kf3 Kg6 51. Rc2 Ra3+ 52. Rc3 Ra6 53. fxg5 hxg5 54. Kg4 Ra4 55. Rc6+ Kf7 56. Kf5 Ra5+ 57. Rc5 1-0

[Event "FRA-chT3 Gr8 0102"]
[Site "France"]
[Date "2002.03.10"]
[Round "7"]
[White "Francois, Claude"]
[Black "Flament, Francois"]
[Result "1-0"]
[WhiteElo "2091"]
[BlackElo "2107"]
[PlyCount "85"]
[EventDate "2001.10.??"]
[EventType "team-tourn"]
[EventRounds "9"]
[EventCountry "FRA"]
[SourceTitle "EXT 2005"]
[Source "ChessBase"]
[SourceDate "2004.11.15"]
[SourceVersion "1"]
[SourceVersionDate "2004.11.15"]
[SourceQuality "1"]

1. d4 Nf6 2. Nf3 g6 3. Bf4 Bg7 4. e3 d6 5. h3 Nbd7 6. Nbd2 c5 7. c3 0-0 8. Be2 b6 9. 0-0 Bb7 10. a4 a6 11. Bh2 Qc8 12. Qb3 Bc6 13. Rfe1 Qb7 14. Bf1 Rfc8 15. Ng5 Rf8 16. e4 Bh6 17. h4 cxd4 18. cxd4 Bxg5 19. hxg5 Nxe4 20. Nxe4 Bxe4 21. Qe3 d5 22. f3 Bf5 23. Qxe7 Be6 24. Rac1 Rfe8 25. Qd6 Rac8 26. Rc7 Rxc7 27. Qxc7 Qxc7 28. Bxc7 Rc8 29. Rc1 a5 30. Ba6 Ra8 31. Bb5 Kf8 32. Bd6+ Ke8 33. Rc7 Kd8 34. Rc6 Ra7 35. Kf2 Bf5 36. Ke3 Be6 37. g4 Ra8 38. Kf4 Ra7 39. Rc1 Ra8 40. Rc3 Ra7 41. Rc2 Ra8 42. Rh2 Kc8 43. Bc6 1-0

[Event "FRA-ch U18"]
[Site "Hyeres"]
[Date "2002.??.??"]
[Round "8.5"]
[White "Flament, Francois"]
[Black "Govciyan, Pavel"]
[Result "0-1"]
[WhiteElo "2107"]
[BlackElo "2224"]
[PlyCount "106"]
[EventDate "2002.04.05"]
[EventType "swiss"]
[EventRounds "9"]
[EventCountry "FRA"]
[SourceTitle "EXT 2003"]
[Source "ChessBase"]
[SourceDate "2002.11.25"]
[SourceVersion "1"]
[SourceVersionDate "2002.11.25"]
[SourceQuality "1"]

1. d4 Nf6 2. Nf3 g6 3. c4 c5 4. d5 b5 5. cxb5 a6 6. b6 d6 7. Nc3 Nbd7 8. a4 a5 9. e4 Bg7 10. Bb5 0-0 11. 0-0 Ba6 12. Qe2 Bxb5 13. Nxb5 Nxb6 14. Bd2 Qd7 15. b3 Rfc8 16. Rfc1 Ne8 17. Bc3 Bxc3 18. Rxc3 Nc7 19. Na3 Re8 20. Rd1 Qg4 21. h3 Qh5 22. Rcd3 Na6 23. R3d2 Nb4 24. Qe3 f6 25. Ne1 Rec8 26. Nd3 Nxd3 27. Qxd3 Rab8 28. Rc1 Nd7 29. Qc3 Rb4 30. f3 Rcb8 31. Rb2 Qe5 32. Nb5 g5 33. Kf2 h5 34. Qxe5 Nxe5 35. Rc3 c4 36. Ke3 cxb3 37. Rbxb3 Rxa4 38. Nd4 Nc4+ 39. Kf2 Rxb3 40. Rxb3 Rb4 41. Rxb4 axb4 42. Ke2 Kf7 43. Kd3 Ne5+ 44. Kc2 Ng6 45. g3 h4 46. gxh4 Nxh4 47. Kb3 Ng6 48. Ne2 Nh4 49. Nd4 f5 50. Kxb4 Kf6 51. Kc4 fxe4 52. fxe4 Ng6 53. Nf3 Ne5+ 0-1

[Event "Le Touquet IM 16th"]
[Site "Le Touquet"]
[Date "2001.11.02"]
[Round "9"]
[White "Flament, Francois"]
[Black "Inkiov, Ventzislav"]
[Result "1/2-1/2"]
[WhiteElo "2098"]
[BlackElo "2500"]
[PlyCount "26"]
[EventDate "2001.10.27"]
[EventType "tourn"]
[EventRounds "9"]
[EventCountry "FRA"]
[EventCategory "3"]
[SourceTitle "EXT 2002"]
[Source "ChessBase"]
[SourceDate "2001.11.25"]
[SourceVersion "1"]
[SourceVersionDate "2001.11.25"]
[SourceQuality "1"]

1. d4 Nf6 2. c4 e6 3. Nc3 d5 4. cxd5 exd5 5. Bg5 Be7 6. e3 Nbd7 7. Bd3 c6 8. Nf3 0-0 9. Qc2 Re8 10. 0-0 Nf8 11. Rab1 Ne4 12. Bf4 Nxc3 13. bxc3 Bd6 1/2-1/2

[Event "Le Touquet IM 16th"]
[Site "Le Touquet"]
[Date "2001.10.30"]
[Round "6"]
[White "Philippe, Christophe"]
[Black "Flament, Francois"]
[Result "1/2-1/2"]
[WhiteElo "2357"]
[BlackElo "2098"]
[PlyCount "57"]
[EventDate "2001.10.27"]
[EventType "tourn"]
[EventRounds "9"]
[EventCountry "FRA"]
[EventCategory "3"]
[SourceTitle "EXT 2002"]
[Source "ChessBase"]
[SourceDate "2001.11.25"]
[SourceVersion "1"]
[SourceVersionDate "2001.11.25"]
[SourceQuality "1"]

1. e4 c5 2. d4 cxd4 3. c3 dxc3 4. Nxc3 e6 5. Nf3 Bc5 6. Bc4 Nc6 7. 0-0 a6 8. a4 Nge7 9. Qe2 d6 10. Rd1 0-0 11. Bg5 f6 12. Be3 Bxe3 13. Qxe3 Ng6 14. Ba2 Nge5 15. Nd2 Kh8 16. h3 g5 17. Nf1 Qe7 18. Rd2 f5 19. exf5 Rxf5 20. Ng3 Rf4 21. Rad1 d5 22. Nge2 Rf7 23. Nd4 Bd7 24. Re2 Qf6 25. b4 Qf4 26. b5 axb5 27. axb5 Nxd4 28. Qxd4 Qxd4 29. Rxd4 1/2-1/2

[Event "Le Touquet IM 16th"]
[Site "Le Touquet"]
[Date "2001.10.29"]
[Round "4"]
[White "Gurevich, Vladimir"]
[Black "Flament, Francois"]
[Result "1/2-1/2"]
[WhiteElo "2482"]
[BlackElo "2098"]
[PlyCount "39"]
[EventDate "2001.10.27"]
[EventType "tourn"]
[EventRounds "9"]
[EventCountry "FRA"]
[EventCategory "3"]
[SourceTitle "EXT 2002"]
[Source "ChessBase"]
[SourceDate "2001.11.25"]
[SourceVersion "1"]
[SourceVersionDate "2001.11.25"]
[SourceQuality "1"]

1. e4 c5 2. Nf3 Nc6 3. d4 cxd4 4. Nxd4 Nf6 5. Nc3 e5 6. Ndb5 d6 7. Bg5 a6 8. Na3 b5 9. Bxf6 gxf6 10. Nd5 Bg7 11. Bd3 Ne7 12. Nxe7 Qxe7 13. c3 f5 14. 0-0 0-0 15. Nc2 Rb8 16. exf5 e4 17. Re1 Bxf5 18. Nd4 Bxd4 19. cxd4 d5 20. Qd2 1/2-1/2

[Event "Le Touquet IM 16th"]
[Site "Le Touquet"]
[Date "2001.10.28"]
[Round "2"]
[White "Clery, Nicolas"]
[Black "Flament, Francois"]
[Result "1-0"]
[WhiteElo "2319"]
[BlackElo "2098"]
[PlyCount "157"]
[EventDate "2001.10.27"]
[EventType "tourn"]
[EventRounds "9"]
[EventCountry "FRA"]
[EventCategory "3"]
[SourceTitle "EXT 2002"]
[Source "ChessBase"]
[SourceDate "2001.11.25"]
[SourceVersion "1"]
[SourceVersionDate "2001.11.25"]
[SourceQuality "1"]

1. d4 Nf6 2. Nf3 e6 3. Bg5 h6 4. Bxf6 Qxf6 5. e4 d6 6. Nc3 Nd7 7. Bd3 c6 8. 0-0 e5 9. d5 Be7 10. a4 a5 11. Nd2 0-0 12. Be2 Nb6 13. Ra3 cxd5 14. exd5 Qg6 15. Rb3 Nd7 16. Nc4 f5 17. Nb5 f4 18. Nc7 Ra7 19. Ne6 Rf6 20. f3 Nf8 21. Bd3 Qf7 22. Nb6 Bd7 23. Qe2 Qe8 24. Qe4 g6 25. Nxd7 Qxd7 26. Bb5 Qc8 27. Rc3 Qb8 28. Nxf8 Bxf8 29. Bd7 Qd8 30. Be6+ Kg7 31. Kh1 Ra8 32. Rd1 Be7 33. Qc4 Rf8 34. Qb5 Rb8 35. Rc4 Bh4 36. Rd3 Bf2 37. Rb3 Bc5 38. Re4 Qe7 39. Qd3 Qd8 40. Rb5 b6 41. Rb3 Qe7 42. Rc3 Rb7 43. Rb3 Ra8 44. Qb5 Rba7 45. Qc4 Rb8 46. Qb5 Rba8 47. Rd3 Kh7 48. Qc6 Kg7 49. Re2 Kh7 50. Bh3 Rf8 51. Qb5 Qf7 52. c3 Rfa8 53. Qc4 Kg7 54. Qe4 Rf8 55. Rd1 Kh7 56. Be6 Qe7 57. Qd3 Kg7 58. Re4 Rfa8 59. g3 Rf8 60. Kg2 Qg5 61. Rde1 Kh7 62. R1e2 Kg7 63. b3 Kh7 64. Ra2 h5 65. b4 Be3 66. bxa5 Rxa5 67. Kf1 Bc5 68. Rg2 fxg3 69. Rxg3 Qf6 70. Rh4 Kh6 71. Qd2+ Kh7 72. Qd3 Kh6 73. Qe4 Ra7 74. Ke2 Rc7 75. Bh3 g5 76. Rxh5+ Kxh5 77. Bg4+ Kh6 78. Rh3+ Kg7 79. Qh7# 1-0

[Event "Lisbon op"]
[Site "Lisbon"]
[Date "2001.08.26"]
[Round "6"]
[White "Caselas Cabanas, Jacobo"]
[Black "Flament, Francois"]
[Result "1-0"]
[WhiteElo "2328"]
[BlackElo "2089"]
[PlyCount "99"]
[EventDate "2001.08.21"]
[EventType "swiss"]
[EventRounds "9"]
[EventCountry "POR"]
[SourceTitle "EXT 2002"]
[Source "ChessBase"]
[SourceDate "2001.11.25"]
[SourceVersion "1"]
[SourceVersionDate "2001.11.25"]
[SourceQuality "1"]

1. d4 Nf6 2. c4 e6 3. Nc3 Bb4 4. e3 b6 5. Nge2 Ne4 6. Bd2 Nxd2 7. Qxd2 Bb7 8. a3 Bxc3 9. Nxc3 f5 10. d5 a5 11. Rd1 Na6 12. Be2 0-0 13. 0-0 Qf6 14. d6 c5 15. f4 Nb8 16. Qc2 Nc6 17. Na4 Ra6 18. Qb3 Qd8 19. Bf3 Ba8 20. Qb5 Bb7 21. Bxc6 dxc6 22. Qb3 Bc8 23. Qd3 Bd7 24. Nc3 Qb8 25. e4 g6 26. exf5 gxf5 27. Rf3 Qd8 28. Rg3+ Kh8 29. Qe3 Qf6 30. a4 Raa8 31. b3 Rae8 32. Re1 Rd8 33. Ne2 Rg8 34. Kf2 Rxg3 35. hxg3 Kg7 36. Ng1 Qd4 37. Nf3 Qxe3+ 38. Rxe3 Kf6 39. Ne5 h5 40. Re1 Be8 41. Rd1 Bd7 42. Kg1 Kg7 43. Kh2 Kf6 44. Kh3 Kg7 45. Kh4 Kf6 46. Rd2 Kg7 47. Kg5 Kf8 48. Kxh5 Kg7 49. Kg5 Kf8 50. Kf6 1-0